| 000 | 01028cam a22002294a 4500 | ||
|---|---|---|---|
| 005 | 20250605163940.0 | ||
| 008 | 250528s ||||||||||||||||||||||||d | ||
| 035 | _a15006 | ||
| 020 | _a70655065 | ||
| 040 |
_aGR-AtMCL _bgre _dGR-AtMCL _eAACR2 |
||
| 245 | 1 |
_aFundamentals of Computing I / Logic, Problem Solving, Programs, and Computers : _bC++ |
|
| 260 |
_bMcgraw Hill Book Company, _c1995 |
||
| 300 | _a506 | ||
| 520 | _aA fully class-tested text for the first course in computer science. Preface, Computing as a Human Enterprise, Computers and Problem Solving, Logic and Problem Solving, Problem Breakdown and Abstraction, Coding and Presentation, Program Robustness and Testing, Logic and Program Correctness, Logic and Computers, Programs and Computers, The Social Context of Computing, Computing as a Discipline, Index. | ||
| 700 | 1 |
_aBernat P. Andrew _9832 |
|
| 700 | 1 |
_aBradley James W _9833 |
|
| 700 | 1 |
_aCupper D. Robert _9834 |
|
| 700 | 1 |
_aTucker B. Allen _9835 |
|
| 942 | _cBK | ||
| 999 |
_c612 _d612 |
||